000 00554nam a22001457a 4500
020 _a0-385-48053-9
082 _a823
_bMAR/B
100 _aMARGOLIN, PHILLIP
245 _aTHE BURNING MAN
260 _aNEW YORK
_bDOUBLE DAY
_c1996
300 _a344
520 _aIn his zeal to prove himself, Peter neglects his client and ends up losing everything—the case, his job, and his father. Unemployed and disinherited, Peter takes the only job he is offered—that of a public defender in a small Oregon town.
650 _aNOVEL
_zUNITED STATES
942 _cBK
999 _c2430
_d2430